| 000 -LEADER |
| fixed length control field |
01534pab a2200169 454500 |
| 008 - FIXED-LENGTH DATA ELEMENTS--GENERAL INFORMATION |
| fixed length control field |
180718b2004 xxu||||| |||| 00| 0 eng d |
| 100 ## - MAIN ENTRY--PERSONAL NAME |
| Personal name |
Deckers, Wolfgang |
| 245 ## - TITLE STATEMENT |
| Title |
China, Globalisation and the World Trade Organization |
| 260 ## - PUBLICATION, DISTRIBUTION, ETC. |
| Date of publication, distribution, etc. |
2004 |
| 300 ## - PHYSICAL DESCRIPTION |
| Extent |
p.102-19. |
| 520 ## - SUMMARY, ETC. |
| Summary, etc. |
This article claims that membership of the WTO will help industrialisation, rather than make China more dependent. Hedley Bull's realist paradigm helps to understand why China joined this organisation, any counter arguments are wishful thinking. Friedrich List's ideas for self-reliant industrialisation were used successfully by Mao Zedong, but globalisation has changed development strategy. Globalisation, if handled wrongly can make China jobless, voiceless, rootless, ruthless and futureless. If handled right, it can strengthen independence, sovereignty and self-reliance. The Chinese government needs stable external as well as internal economic conditions. There are benefits for the vast majority of Chinese, but there are also possible disadvantages. David Ricardo's "comparative advantage" has not really helped Less Developed Countries, on the other hand, China should not become a crumbled "Somalia", this means that China has to engage with globalisation, and this means also the WTO. After all, agency does exist and globalisation is a "two-edged sword". - Reproduced. |
| 650 ## - SUBJECT ADDED ENTRY--TOPICAL TERM |
| Topical term or geographic name entry element |
World Trade Organization |
| 650 ## - SUBJECT ADDED ENTRY--TOPICAL TERM |
| Topical term or geographic name entry element |
Globalization - China |
| 650 ## - SUBJECT ADDED ENTRY--TOPICAL TERM |
| Topical term or geographic name entry element |
Globalization |
| 773 ## - HOST ITEM ENTRY |
| Main entry heading |
Journal of Contemporary Asia |
| 909 ## - |
| -- |
61972 |